PRODUCCIÓN DE VIDEO DISCIPLINA Y TÉCNICA (Registro nro. 28260)
[ vista simple ]
| 000 -LEADER | |
|---|---|
| fixed length control field | 00473nam a2200181 a 4500 |
| 001 - CONTROL NUMBER | |
| control field | 28260 |
| 005 - DATE AND TIME OF LATEST TRANSACTION | |
| control field | 20180713231120.0 |
| 008 - FIXED-LENGTH DATA ELEMENTS--GENERAL INFORMATION | |
| fixed length control field | 140415s2003 000 0 spa d |
| 020 ## - INTERNATIONAL STANDARD BOOK NUMBER | |
| International Standard Book Number | 9701037871 |
| 041 ## - LANGUAGE CODE | |
| Language code of text/sound track or separate title | spa |
| 082 ## - DEWEY DECIMAL CLASSIFICATION NUMBER | |
| Classification number | 302.236072 |
| Item number | DIA |
| 100 1# - MAIN ENTRY--PERSONAL NAME | |
| Personal name | THOMAS, BURROWS |
| 245 10 - TITLE STATEMENT | |
| Title | PRODUCCIÓN DE VIDEO DISCIPLINA Y TÉCNICA |
| 250 ## - EDITION STATEMENT | |
| Edition statement | 8° EDICIÓN |
| 260 ## - PUBLICATION, DISTRIBUTION, ETC. | |
| Place of publication, distribution, etc. | [s.l.] : |
| Name of publisher, distributor, etc. | MC GRAW HILL, |
| Date of publication, distribution, etc. | 2003 |
| 300 ## - PHYSICAL DESCRIPTION | |
| Extent | 385 |
| Dimensions | 22 x 3 x 28 |
| 520 ## - SUMMARY, ETC. | |
| Summary, etc. | RP |
| Withdrawn status | Lost status | Source of classification or shelving scheme | Damaged status | Not for loan | Collection code | Home library | Current library | Shelving location | Date acquired | Source of acquisition | Total Checkouts | Full call number | Barcode | Date last seen | Date last checked out | Price effective from | Koha item type |
|---|---|---|---|---|---|---|---|---|---|---|---|---|---|---|---|---|---|
| Dewey Decimal Classification | General | Tehuacán | Tehuacán | Sala general | 03/12/2013 | Compra | 1 | 302.236072 DIA | 501809 | 08/01/2025 | 07/03/2023 | 03/12/2013 | Libro |